| 000 | 01266cam a2200373 a 4500 | ||
|---|---|---|---|
| 001 | 16123230 | ||
| 003 | OSt | ||
| 005 | 20150408113952.0 | ||
| 008 | 111203r20092006enk b 000 0 eng | ||
| 010 | _a 2010291203 | ||
| 015 |
_aGBA8C5838 _2bnb |
||
| 016 | 7 |
_a014793721 _2Uk |
|
| 020 | _a9780199538744 (pbk.) | ||
| 020 | _a0199538743 (pbk.) | ||
| 035 | _a(OCoLC)ocn269433604 | ||
| 040 |
_aUKM _cUKM _dYDXCP _dDLC |
||
| 042 |
_aukblcatcopy _alccopycat |
||
| 043 | _ae-uk--- | ||
| 050 | 0 | 0 |
_aHN389 _b.A72 2006 |
| 082 | 0 | 4 |
_a306.0941 A M C _222 |
| 100 | 1 |
_aArnold, Matthew, _d1822-1888. _96851 |
|
| 245 | 1 | 0 |
_aCulture and anarchy / _cMatthew Arnold ; edited with an introduction and notes by Jane Garnett. |
| 250 | _aNew ed. | ||
| 260 |
_aOxford : _bOxford University Press, _c2009. |
||
| 300 |
_axl, 221 p. ; _c20 cm. |
||
| 440 | 0 |
_aOxford world's classics _96792 |
|
| 504 | _aIncludes bibliographical references. | ||
| 650 | 0 | _aCulture. | |
| 651 | 0 |
_aGreat Britain _xSocial conditions _y19th century. _96852 |
|
| 700 | 1 |
_aGarnett, Jane. _96853 |
|
| 906 |
_a7 _bcbc _ccopycat _d2 _encip _f20 _gy-gencatlg |
||
| 942 |
_2ddc _cDVD |
||
| 999 |
_c19124 _d253624 |
||